Polish players in European Big Five (2000-) - Statistics

General Stats
  • This quiz has been taken 76 times
  • The average score is 42 of 149
Answer Stats
Ranking Player Positions Nationality Matches Goals (assists) Periods Clubs % Correct
1 Robert Lewandowski FW 487 381 (73) 2010-2025
100%
2 Wojciech Szczęsny GK 419 0 (1) 2010-2025
98%
3 Piotr Zieliński MF 389 44 (49) 2012-2025
95%
4 Łukasz Fabiański GK 376 0 (1) 2007-2010, 2012-2025
94%
6 Kamil Glik DF, MF 311 23 (8) 2010-2011, 2012-2021
89%
5 Łukasz Piszczek DF, MF 332 19 (40) 2007-2021
89%
11 Jakub Błaszczykowski MF 250 30 (35) 2007-2019
86%
12 Arkadiusz Milik FW 216 67 (10) 2012-2013, 2016-2024
83%
19 Grzegorz Krychowiak MF 168 10 (3) 2011-2018
80%
20 Krzysztof Piątek FW 158 45 (7) 2018-2023
77%
7 Łukasz Skorupski GK 307 0 (0) 2013-2025
77%
22 Matty Cash DF 148 7 (9) 2020-2025
75%
27 Jerzy Dudek GK 129 0 (0) 2001-2007, 2010-2011
74%
45 Jakub Kiwior DF, MF 83 3 (3) 2021-2025
72%
17 Jan Bednarek DF 184 9 (3) 2017-2022, 2024-2025
72%
42 Nicola Zalewski DF, MF, FW 95 3 (4) 2020-2025
68%
16 Artur Boruc GK 190 0 (1) 2010-2013, 2015-2016, 2018-2019
66%
10 Karol Linetty MF 255 14 (11) 2016-2025
66%
31 Przemysław Frankowski DF, MF 122 18 (12) 2021-2025
65%
46 Mateusz Klich MF 82 5 (7) 2020-2023
63%
51 Jakub Kamiński DF, MF, FW 70 4 (6) 2022-2025
60%
28 Euzebiusz Smolarek MF, FW 127 29 (12) 2004-2009
58%
40 Kamil Grosicki MF, FW 99 13 (16) 2013-2016, 2020-2021
58%
58 Marcin Kamiński DF 63 2 (1) 2017-2018, 2020-2021, 2022-2023
58%
13 Bartosz Bereszyński DF 207 1 (8) 2016-2024
57%
49 Marcin Bułka GK 73 0 (0) 2019-2025
57%
60 Jakub Moder DF, MF 61 0 (3) 2020-2021, 2023-2025
55%
44 Dawid Kownacki MF, FW 87 10 (3) 2017-2019, 2023-2024
49%
24 Paweł Dawidowicz DF, MF 139 2 (1) 2019-2025
49%
59 Tomasz Kuszczak GK 63 0 (0) 2004-2011
48%
18 Jacek Krzynówek MF, FW 178 24 (25) 2001-2002, 2004-2010
46%
76 Kamil Grabara GK 29 0 (0) 2024-2025
46%
71 Kacper Urbanski MF, FW 39 1 (1) 2020-2021, 2023-2025
45%
47 Przemysław Tytoń GK 77 0 (0) 2014-2018
45%
26 Bartłomiej Drągowski GK 129 0 (2) 2016-2023
43%
29 Rafał Gikiewicz GK 126 0 (0) 2017-2018, 2019-2023
43%
15 Artur Wichniarek FW 196 49 (14) 2002-2010
42%
134 Emmanuel Olisadebe FW 2 0 (0) 2005-2006
40%
9 Eugen Polanski MF 280 14 (14) 2004-2006, 2008-2018
40%
21 Ireneusz Jeleń MF, FW 153 49 (3) 2006-2012
40%
38 Robert Gumny DF 101 2 (2) 2020-2025
40%
36 Sebastian Walukiewicz DF 109 0 (1) 2019-2025
40%
33 Arkadiusz Reca DF 113 3 (8) 2018-2023
38%
8 Ludovic Obraniak MF 302 37 (35) 2003-2015
38%
75 Marcin Wasilewski DF 30 1 (0) 2014-2017
38%
102 Przemysław Płacheta MF, FW 12 0 (0) 2021-2022
38%
32 Tomasz Hajto DF 120 6 (5) 2000-2005
38%
30 Sebastian Boenisch DF 124 4 (9) 2005-2016
37%
116 Adam Buksa MF, FW 8 0 (0) 2022-2023
35%
128 Aleksander Buksa FW 4 0 (0) 2021-2022
35%
120 Bartosz Kapustka MF, FW 7 1 (0) 2017-2018
35%
37 Thiago Cionek DF 108 1 (5) 2015-2020
35%
93 Grzegorz Rasiak FW 15 0 (0) 2005-2006, 2007-2008
34%
106 Kamil Jóźwiak MF 11 0 (1) 2023-2024
32%
108 Tymoteusz Puchacz DF 11 0 (1) 2022-2023, 2024-2025
32%
86 Maciej Rybus DF, MF 19 0 (1) 2016-2017
31%
130 Marek Jóźwiak DF 4 0 (0) 2000-2001
31%
61 Mateusz Wieteska DF 61 1 (2) 2022-2025
31%
78 Radosław Majecki GK 28 0 (0) 2020-2021, 2023-2025
31%
62 Sławomir Peszko MF 61 2 (9) 2010-2011, 2014-2015
31%
14 Damien Perquis DF 203 12 (0) 2005-2014
29%
54 Szymon Żurkowski MF 67 10 (3) 2019-2020, 2021-2025
29%
43 Jacek Bąk DF 91 3 (0) 2000-2005
28%
94 Karol Świderski MF, FW 15 2 (0) 2023-2024
28%
39 Mariusz Stępiński MF, FW 100 18 (6) 2016-2020
28%
41 Artur Sobiech FW 98 18 (3) 2011-2016
26%
109 Jakub Stolarczyk GK 10 0 (0) 2024-2025
26%
114 Kamil Piątkowski DF 9 0 (0) 2023-2024
26%
57 Paweł Olkowski DF, MF 65 2 (3) 2014-2018
25%
52 Piotr Świerczewski MF 70 4 (2) 2000-2003
23%
35 Tomasz Wałdoch DF 110 12 (1) 2000-2006
23%
73 Bartosz Białek DF, MF, FW 31 2 (0) 2020-2022
22%
25 Dariusz Żuraw DF 130 5 (1) 2002-2008
22%
74 Łukasz Teodorczyk FW 30 1 (1) 2018-2020
22%
98 Marcin Żewłakow FW 13 0 (0) 2005-2006
22%
66 Tomasz Kos DF 53 0 (0) 2001-2003
22%
55 Bartosz Salamon DF, MF 66 0 (0) 2013-2014, 2016-2020
20%
72 Igor Lewczuk DF 38 1 (0) 2016-2019
18%
145 Mateusz Kowalski MF 1 0 (0) 2024-2025
18%
63 Tomasz Kłos DF 61 5 (0) 2000-2004
18%
67 Adam Matuszczyk MF 52 4 (2) 2009-2011, 2014-2015
17%
113 Adrian Benedyczak MF, FW 9 0 (0) 2024-2025
17%
129 Jacek Góralski MF 4 0 (0) 2022-2023
15%
83 Krzysztof Nowak MF 20 3 (5) 2000-2001
15%
96 Przemysław Wiśniewski DF 14 1 (0) 2022-2023
15%
117 Bartłomiej Pawłowski MF, FW 8 1 (0) 2013-2014
14%
139 Filip Marchwiński MF 1 0 (0) 2024-2025
14%
53 Andrzej Juskowiak FW 69 20 (6) 2000-2003
12%
100 Ariel Borysiuk MF 12 0 (0) 2011-2012
12%
122 Damian Kądzior MF, FW 6 0 (0) 2020-2021
12%
34 Dariusz Dudka DF, MF 113 6 (5) 2008-2013
12%
123 Dominik Furman MF 6 0 (0) 2013-2014, 2015-2016
12%
56 Kamil Kosowski MF 65 1 (2) 2003-2004, 2006-2007
12%
65 Paweł Wszołek DF, MF 53 1 (5) 2013-2016
12%
95 Rafał Wolski MF, FW 15 1 (0) 2012-2014
12%
104 Cezary Wilk MF 11 0 (0) 2014-2015
11%
97 Filip Jagiełło MF 13 0 (2) 2019-2020, 2023-2024
11%
126 Marek Saganowski FW 6 0 (0) 2006-2007
11%
115 Mateusz Lis GK 9 0 (0) 2022-2023
11%
91 Adam Dźwigała DF, MF 16 0 (0) 2024-2025
9%
85 Karol Fila DF 19 0 (0) 2021-2022, 2024-2025
9%
110 Łukasz Poręba MF 10 0 (1) 2022-2023
9%
88 Paweł Kryszałowicz FW 18 7 (4) 2000-2001
9%
68 Radosław Kałużny MF 52 7 (3) 2001-2005
9%
107 Rafał Kurzawa FW 11 1 (0) 2018-2019
9%
92 Adam Matysek GK 15 0 (0) 2000-2001
8%
89 Bartosz Bosacki DF 17 0 (1) 2004-2006
8%
81 Daniel Bogusz DF 22 0 (0) 2002-2003, 2004-2005
8%
141 Jarosław Fojut DF 1 0 (0) 2005-2006
8%
101 Maciej Murawski DF 12 0 (1) 2002-2003
8%
133 Radosław Matusiak FW 3 1 (0) 2006-2007
8%
23 Tomasz Zdebel MF 144 6 (5) 2003-2004, 2006-2010
8%
143 Jordan Majchrzak FW 1 0 (0) 2022-2023
6%
111 Marcel Lotka GK 10 0 (0) 2021-2022
6%
87 Marek Koźmiński DF, MF 19 0 (2) 2000-2002
6%
69 Paweł Jaroszyński DF 43 0 (0) 2017-2018, 2021-2022
6%
90 Błażej Augustyn DF 17 0 (0) 2009-2010, 2012-2013
5%
140 Igor Łasicki DF 1 0 (0) 2013-2014
5%
77 Mateusz Łęgowski MF 29 0 (0) 2023-2024
5%
121 Piotr Włodarczyk FW 7 0 (0) 2001-2002
5%
148 Tomasz Kupisz DF, MF 1 0 (0) 2013-2014
5%
48 Andrzej Kobylański MF, FW 75 7 (5) 2000-2003
3%
82 Bartosz Karwan MF 21 0 (1) 2002-2004
3%
84 Dennis Jastrzembski DF, MF, FW 19 0 (0) 2018-2019, 2021-2022
3%
105 Henryk Bałuszyński FW 11 0 (0) 2000-2001
3%
124 Jakub Świerczok FW 6 0 (0) 2011-2012
3%
132 Kamil Wilczek MF, FW 3 0 (0) 2015-2016
3%
125 Marcin Listkowski MF, FW 6 0 (0) 2022-2024
3%
118 Martin Kobylański MF, FW 8 0 (0) 2013-2014
3%
137 Mateusz Praszelik MF 2 0 (0) 2021-2022
3%
80 Mirosław Spiżak FW 23 5 (0) 2000-2001
3%
79 Sławomir Majak MF, FW 25 4 (0) 2000-2001
3%
136 Jakub Iskra DF 2 0 (0) 2019-2020
2%
64 Marcin Mięciel FW 55 8 (2) 2001-2002, 2007-2009
2%
50 Mariusz Kukiełka DF, MF 71 1 (1) 2006-2009
2%
112 Mirosław Trzeciak FW 10 0 (3) 2000-2001
2%
146 Przemysław Szymiński MF 1 0 (0) 2023-2024
2%
119 Sebastian Tyrała MF 8 0 (0) 2006-2007, 2012-2013
2%
103 Tomasz Bandrowski MF 12 0 (0) 2006-2007
2%
135 Grégoire Spiewak FW 2 0 (0) 2000-2001
0%
131 Jakub Wierzchowski GK 3 0 (0) 2002-2003
0%
142 Jarosław Lindner MF, FW 1 0 (0) 2009-2010
0%
144 Łukasz Załuska GK 1 0 (0) 2015-2016
0%
138 Michał Janicki FW 2 0 (0) 2002-2003
0%
127 Piotr Reiss FW 6 0 (2) 2000-2001
0%
147 Przemysław Trytko MF, FW 1 0 (0) 2007-2008
0%
149 Tomasz Wisio DF 1 0 (0) 2004-2005
0%
70 Waldemar Kryger DF 41 0 (1) 2000-2002
0%
99 Witold Wawrzyczek DF, MF 13 0 (1) 2000-2002
0%
No matching quizzes found
Score Distribution
Percent of People with Each Score
Percentile by Number Answered
Your Score History
You have not taken this quiz